000 00360nam a2200145Ia 4500
008 231129s1991||||xx |||||||||||||| ||spa||
020 _a958-28-0273-1
040 _bspa
082 _aU813 P976c
100 _aPuzo Mario
245 0 _aLa Cuarta K
260 _c1991
264 _aCirculo de Lectores
942 _2ddc
_cBKS
999 _c16787
_d16787